Quizzes
Events
Quiz Creation
Community
Videos
Private Events
Remove Ads
Sign In
Join for FREE
Feedback
Dark Mode
Quiz Categories
Sports
Geography
Music
Movies
Television
Just For Fun
Miscellaneous
History
Literature
Language
Science
Gaming
Entertainment
Religion
Holiday
For Kids
Quiz Lab
Recent
Popular Today
Quiz Kudos Today
Editor Picks
Curator Picks
Quizzes by...
Day
Popularity
Type
Ratings
Length
Year
Community
Subscriptions
Recent Discussions
Orange Saloon
Badges
Playlists
Quests
Create
Leaderboards
Showdown
Live 5
Trivia Bingo
Activity
Puzzle Library
Sporcle Events
Private Events
Virtual Trivia
Globe League
Become a Host
Pub Owners
SporcleCon
Opinionation
Our Games
Videos
Blog
Mobile Apps
Partnerships
Remove Ads and Go Orange
Feedback
Science
Computer
Plants
Astronomy
Chemistry
Elements
Math
Animal
Physics
Anatomy
Biology
Geology
General Science
Science
Computer
Plants
Astronomy
Chemistry
Elements
Math
Animal
Physics
Anatomy
Biology
Geology
General Science
Random Quiz
Search Sporcle
×
Quiz Lab
Quiz Lab
Science
Chemistry
Type in answers that appear in a list
Type in answers that appear in a list
Classic
Best Score? Go Orange.
AP Chemistry Polyatomic Ions Stats
Can you name the Polyatomic Ions?
By
bodiesandbrains
10m
44 Questions
796 Plays
796 Plays
796 Plays
Comments
Comments
Give Quiz Kudos
Give Quiz Kudos
-
- Ratings
hide this ad
More Info
Forced Order
Answers have to be entered in order
Answers have to be entered in order
Random Order
Randomize order of answers
Randomize order of answers
Replay
Link that replays current quiz
Next Quiz
Link to next quiz in quiz playlist
You Got
0%
They Got
Avg Score
67%
Avg Friend Score
Upgrade to see
Score Distribution
Jump to the score distribution portion of the page
Score
0/44
Timer
10:00
0
Plays Today
Formula
Name
% Correct
NO
3
-
nitrate
83.9%
NH
4
+
ammonium
83%
SO
4
2-
sulfate
82.8%
SO
3
2-
sulfite
81.3%
ClO
3
-
chlorate
81%
PO
4
3-
phosphate
81%
NO
2
-
nitrite
80.9%
CO
3
2-
carbonate
80.9%
OH
-
hydroxide
80.8%
BrO
3
-
bromate
79%
ClO
2
-
chlorite
78.6%
PO
3
3-
phosphite
78.1%
CrO
4
2-
chromate
77.3%
C
2
H
3
O
2
-
/
CH
3
COO
-
acetate
76.5%
CN
-
cyanide
75.4%
BrO
2
-
bromite
74.6%
HSO
4
-
hydrogen sulfate
74.2%
ClO
4
-
perchlorate
73.6%
IO
3
-
iodate
73.2%
MnO
4
-
permanganate
72.9%
HCO
3
-
hydrogen carbonate
71.4%
HSO
3
-
hydrogen sulfite
71.4%
Formula
Name
% Correct
IO
2
-
iodite
71.4%
ClO
-
hypochlorite
70.1%
CrO
3
2-
chromite
69%
Cr
2
O
7
2-
dichromate
68.8%
O
2
2-
peroxide
68.7%
BrO
4
-
perbromate
67.5%
IO
4
-
periodate
64.7%
MnO
3
-
manganate
64.3%
H
2
PO
4
-
dihydrogen phosphate
64.1%
BrO
-
hypobromite
62.9%
IO
-
hypoiodite
60.4%
H
3
O
+
hydronium
59.5%
AsO
4
3-
arsenate
57.5%
AsO
3
3-
arsenite
55.3%
SiO
4
4-
silicate
55.2%
SCN
-
thiocyanate
54.4%
C
2
O
4
2-
oxalate
53.6%
S
2
O
3
2-
thiosulfate
46.7%
HC
2
O
4
-
hydrogen oxalate
44.3%
OCN
-
cyanate
38.6%
HPO
4
2-
monohydrogen phosphate
29.1%
C
8
H
4
O
4
2-
phthalate
25.4%
Quiz Playlist
Details
Report
Send in Message
Add To Playlist
More Info:
Intended for the memorization of Polyatomic Ions needed for AP Chemistry.
Classic:
Type in answers that appear in a list
Forced Order:
Answers have to be entered in order
Random Order:
Randomize order of answers
Last Updated: Feb 16, 2017
Quiz Scoreboard
CHALLENGE
Sign Up to Join the Scoreboard
Show All
Scores
Hide
Comments
May contain spoilers
Recently Published
Billboard Blitz: Fleetwood Mac
by CooCooCachoo
Music
15s
Presidents Visiting Landmarks
by Hejman
History
7m
An Introduction to Baseball
by treessimontrees
Sports
5m
More to Explore
Quiz From the Vault
Featured Blog Post
Where Did the Easter Bunny Come From?
hide this ad
You Might Also Like...
Tags
Chemistry Quiz
formula
Polyatomic Ions
Science Math
Today's Top Quizzes in Science
Browse Science
hide this ad
Today's Top Quizzes in Chemistry
Browse Chemistry
Top Contributed Quizzes in Science
1
Quick Pick: Radians
2
Quick Pick: 'CI-CJ' Animals
3
Elements In Images
4
Name the Acid, Base or Salt
5
One Thing in Common: Science
6
One Thing in Common: Science III
7
One Thing in Common: Animals
8
Science Jokes
9
One Thing in Common: Science II
10
The First 100 Digits of Pi
Explore More
Trending Topics
Kpop
Harry Potter
Crossword
Marvel
Anime
NBA
Disney
Soccer
Country
Pokémon
NFL
WWE
Song
Puzzle
The Office
hide this ad
More By:
bodiesandbrains
Quiz
Plays
Rating
Category
Featured
Created
Monatomic Ions
2,919
4.00
Science
Sep 3, 2012
AP Chemistry Polyatomic Ions
796
Science
Sep 3, 2012
Common Compounds + Polyatomic Elements
71
2.00
Science
Sep 3, 2012
Gaseous Compounds
20
5.00
Science
Sep 5, 2012
Go to Creator's Profile
Score Distribution
Quiz Creator Spotlight
bodiesandbrains
Follow
Send a Message
Quizzes Created
-
Created Quiz Play Count
-
More By This Creator
Popular Quizzes Today
1
Find the US States - No Outlines Minefield
2
Find the Countries of Europe - No Outlines Minefield
3
The Countries of the World
4
Find the US States
5
Popular People in 1961
6
US States
7
Risky Map Clicking: Biggest States A-Z
8
Movies - When Are They Set?
More Science Quizzes
► Animals - Monitors
Quiz Lab
Trending Quizzes
Risky Map Clicking: Least Populous States A-Z
1-10 Letter G Words
1-10 Letter F Words
Risky Map Clicking: Next State Alphabetically
Risky Map Clicking: Biggest States A-Z
Recently Updated
Leaping Animals
pecheneg
Reality TV Shows (A-Z)
bhenderson79
Rickey Henderson's Hall of Fame Teammates
pecheneg
Champions League XIs: Arsenal
pecheneg
Quick Pick: Celebrities in WWE's Hall of Fame
aduchscher
A-Z Keypad Blitz II
pecheneg
Multiple Oscar Actors
pecheneg
Mystery Phrase Blitz: Oscar 'Best Actors'
pecheneg
F. Scott Fitzgerald Novels
LTH
Pick 3 Villains
ddd62291
Trending Topics
Kpop
Harry Potter
Marvel
Crossword
NBA
Anime
Disney
Song
Country
NFL
Puzzle
Pokémon
The Office
Soccer
WWE
Your Account Isn't Verified!
In order to create a playlist on Sporcle, you need to verify the email address you used during registration. Go to your
Sporcle Settings
to finish the process.
Report this User
Report this user for behavior that violates our
Community Guidelines
.
Details:
Send Report
Go to the Sporcle.com Mobile Site →
Comments